000 00631nam a2200217 a 4500
001 BRL_131
005 20190320210613.0
008 171012s19uu----enkf######---#000-0#eng-#
041 _aeng
044 _aenk
050 4 _aND553.R67
_b.D68 1900
245 1 0 _aDouanier Rousseau (1844-1910)
_cwith an introduction and notes by R. H. Wilenski.
260 _aLondon
_bFaber and Faber
_c[19--]
300 _a24 p.
_bil. a color, 10 láminas
_c31 cm.
440 0 _aThe Faber Gallery
_v9
_922995
500 _aAu163
600 1 4 _aRousseau, Henri
_d1844-1910
_912091
700 1 _aWilenski, R. H.
_922996
902 _aGRL
942 _2lcc
_cB
999 _c8944
_d8944